Supplement to Mulla's code of civil procedure /
Сохранить в:
| Главный автор: | |
|---|---|
| Формат: | |
| Опубликовано: |
New Delhi :
Butterworths ,
c1999.
|
| Предметы: | |
| Метки: |
Добавить метку
Нет меток, Требуется 1-ая метка записи!
|
MARC
| LEADER | 00000nam a2200000 4500 | ||
|---|---|---|---|
| 020 | |a 8187162090 |c TZS 16,500/= | ||
| 040 | |a MUL |b eng |e AACR | ||
| 082 | |a 347.9540263 | ||
| 100 | |a Baksh, P.M. | ||
| 245 | |a Supplement to Mulla's code of civil procedure / |c P. M Bakshi. | ||
| 260 | |a New Delhi : |b Butterworths , |c c1999. | ||
| 300 | |a xxxvii, 331 p . ; |c 22 cm. | ||
| 546 | |a eng. | ||
| 650 | |a Civil procedure | ||
| 942 | |c BK | ||
| 999 | |c 1646 |d 1646 | ||